| 000 | 00827nac a22002291u 4500 | ||
|---|---|---|---|
| 090 | _c2341 | ||
| 008 | 080806t xxu||||| |||| 00| 0 eng d | ||
| 010 | _a 2006048408 | ||
| 020 | _a9780273706427 | ||
| 020 | _a027370642X | ||
| 082 | 0 | 0 |
_a658.4 _bW6326 |
| 100 | _aWickham, Philip A. | ||
| 245 | 1 | 0 |
_aStrategic entrepreneurship / _cPhilip A. Wickham. |
| 250 | _a4th ed. | ||
| 260 |
_aNew York : _bFinancial Times Prentice Hall, _c2006. |
||
| 300 |
_axxxiv, 613 p. : _b ill. ; _c25 cm. |
||
| 650 | 0 | _aEntrepreneurship | |
| 650 | 0 |
_aNew business enterprises _xManagement. |
|
| 650 | 0 | _aDecision making. | |
| 942 |
_cBB _k658.4W6326 _2ddc |
||
| 999 |
_c2341 _d2341 |
||